<?xml version="1.0" encoding="UTF-8"?>
<collection xmlns:xsi="http://www.w3.org/2001/XMLSchema-instance" xsi:schemaLocation="http://www.loc.gov/MARC21/slim http://www.loc.gov/standards/marcxml/schema/MARC21slim.xsd" xmlns="http://www.loc.gov/MARC21/slim">
 <record>
  <leader>00000cam a22000004i 4500</leader>
  <controlfield tag="001">UP-1685594773861312576</controlfield>
  <controlfield tag="003">Buklod</controlfield>
  <controlfield tag="005">20070906151048.0</controlfield>
  <controlfield tag="006">i|||||||||||||| | </controlfield>
  <controlfield tag="007">ta</controlfield>
  <controlfield tag="008">170923s1996    nyuag   rb   |||1 u|eng d</controlfield>
  <datafield tag="020" ind1=" " ind2=" ">
   <subfield code="a">0393969045</subfield>
  </datafield>
  <datafield tag="035" ind1=" " ind2=" ">
   <subfield code="a">(iLib)UPBAG-00000016974</subfield>
  </datafield>
  <datafield tag="040" ind1=" " ind2=" ">
   <subfield code="a">DLC</subfield>
   <subfield code="d">BAG</subfield>
   <subfield code="e">rda</subfield>
  </datafield>
  <datafield tag="041" ind1="0" ind2=" ">
   <subfield code="a">eng</subfield>
  </datafield>
  <datafield tag="090" ind1=" " ind2="0">
   <subfield code="a">ML 160</subfield>
   <subfield code="b">G872 1996</subfield>
  </datafield>
  <datafield tag="100" ind1="1" ind2=" ">
   <subfield code="a">Grout, Donald Jay</subfield>
   <subfield code="e">author.</subfield>
  </datafield>
  <datafield tag="245" ind1="1" ind2="2">
   <subfield code="a">A history of western music</subfield>
   <subfield code="c">Donald Jay Grout, Claude V. Palisca.</subfield>
  </datafield>
  <datafield tag="250" ind1=" " ind2=" ">
   <subfield code="a">Fifth edition.</subfield>
  </datafield>
  <datafield tag="264" ind1=" " ind2="1">
   <subfield code="a">New York, N.Y.</subfield>
   <subfield code="b">W.W. Norton &amp; Company</subfield>
   <subfield code="c">©1996.</subfield>
  </datafield>
  <datafield tag="300" ind1=" " ind2=" ">
   <subfield code="a">xvi, 862 pages</subfield>
   <subfield code="b">illustrations (some color), music</subfield>
   <subfield code="c">26 cm</subfield>
  </datafield>
  <datafield tag="504" ind1=" " ind2=" ">
   <subfield code="a">Includes bibliographical references and index.</subfield>
  </datafield>
  <datafield tag="505" ind1="0" ind2=" ">
   <subfield code="a">1. Musical Life and Thought in Ancient Greece and Rome -- 2. Chant and Secular Song in the Middle Ages -- 3. The Beginnings of Polyphony and the Music of the Thirteenth Century -- 4. French and Italian Music in the Fourteenth Century -- 5. England and the Burgundian Lands in the Fifteenth Century -- 6. The Age of the Renaissance : Music of the Low Countries -- 7. New Currents in the Sixteenth Century -- 8. Church Music of the Late Renaissance and Reformation -- 9. Music of the Early Baroque Period -- 10. Opera and Vocal Music in the Late Seventeenth Century -- 11. Instrumental Music in the Late Baroque Period -- 12. Music in the Early Eighteenth Century -- 13. Sonata, Symphony, and Opera in the Early Classic Period -- 14. The Late Eighteenth Century: Haydn and Mozart -- 15. Ludwig van Beethoven -- 16. Romanticism and Nineteenth-Century Orchestral Music -- 17. Solo, Chamber, and Vocal Music in the Nineteenth Century.</subfield>
  </datafield>
  <datafield tag="520" ind1=" " ind2=" ">
   <subfield code="a">A History of Western Music has been recognized as the finest survey of Western art music since its first appearance in 1960. Setting the standard for all other music histories, this distinguished book has enlightened a multitude of students and connoisseurs with its thorough yet accessible overview of the field. Today's Grout/Palisca remains the most authoritative and useful text available, providing readers with insights into the music and its historical context. In preparing this Fifth Edition, Claude Palisca has applied the impeccable scholarship that made the book a classroom standard, while offering the most extensive revisions that the volume has yet seen. Page after page of the text has been rethought, rewritten, and newly conceived to bring it up to date and make it more readable, all without sacrificing Donald Grout's erudition and narrative flow. Twentieth-century developments now receive the same attention dedicated to other eras, with modern American music covered in a substantial new chapter of its own. The book has been enriched by discussions of works composed by women and of women's role in music history. All new terms and concepts are explained when they are introduced, and composers' dates are supplied when the composers are first named. A glossary makes finding brief definitions a simple task. A History of Western Music, Fifth Edition, features an engaging new design, with elements that visually enhance the text. Headings, subheading, and marginal headings provide a clear and consistent outline. Judicious touches of color highlight chronologies, diagrams, and technical discussions, and dozens of vignettes offer the wisdom of composers and critics in their own words. Sixteen full-color plates and numerous black-and-white images illustrate specific musical points and show music making in its social context. In all, no effort has been spared to bring to today's teachers and students the best Grout/Palisca ever.</subfield>
  </datafield>
  <datafield tag="650" ind1=" " ind2="0">
   <subfield code="a">Music</subfield>
   <subfield code="x">History and criticism.</subfield>
  </datafield>
  <datafield tag="700" ind1="1" ind2=" ">
   <subfield code="a">Palisca, Claude V.</subfield>
   <subfield code="e">author.</subfield>
  </datafield>
  <datafield tag="905" ind1=" " ind2=" ">
   <subfield code="a">FO</subfield>
  </datafield>
  <datafield tag="852" ind1="0" ind2=" ">
   <subfield code="a">UPBAG</subfield>
   <subfield code="b">UPBAG-MAIN</subfield>
   <subfield code="h">ML 160 G872 1996</subfield>
  </datafield>
  <datafield tag="942" ind1=" " ind2=" ">
   <subfield code="a">Book</subfield>
  </datafield>
 </record>
</collection>
